000 00578nam a22002057a 4500
999 _c7783
_d7783
003 OSt
005 20220303124729.0
008 220303b ||||| |||| 00| 0 eng d
020 _a9780071326186
040 _cDDC
082 _a658.3 BER ,2013
100 _aBERNARDIN JOHN .H
_915854
245 _aHUMAN RESOURCE MANAGEMENT
_bAN EXPERMENTAL APPROACH
250 _a6TH ED .
260 _aNEWYORK;
_bMC GRAW HILL
_c2013
300 _aXV,863P.
_bILL;
_c27.5CM
504 _aINCLUDES APPENDIX, ENDNOTES AND INDEX
650 _aHUMAN RESOURCE MANAGEMENT
_95317
942 _2ddc
_cBOOK